LEADER 01507oam 2200445zu 450 001 996198219803316 005 20210807003414.0 035 $a(CKB)111026746739726 035 $a(SSID)ssj0000445493 035 $a(PQKBManifestationID)12138945 035 $a(PQKBTitleCode)TC0000445493 035 $a(PQKBWorkID)10485567 035 $a(PQKB)11358287 035 $a(EXLCZ)99111026746739726 100 $a20160829d1995 uy 101 0 $aeng 181 $ctxt 182 $cc 183 $acr 200 10$aNinth International Software Process Workshop : proceedings, Airlie, Virginia, October 5-7, 1994 210 31$a[Place of publication not identified]$cIEEE Computer Society Press$d1995 300 $aBibliographic Level Mode of Issuance: Monograph 311 $a0-8186-6770-2 606 $aComputer software$xCongresses 606 $aEngineering & Applied Sciences$2HILCC 606 $aComputer Science$2HILCC 615 0$aComputer software$xCongresses 615 7$aEngineering & Applied Sciences 615 7$aComputer Science 676 $a005.1/01/9 702 $aGhezzi$b Carlo 712 02$aACM Sigsoft 712 02$aIEEE Computer Society 712 02$aInternational Software Processing Association 712 12$aInternational Software Process Workshop 801 0$bPQKB 906 $aBOOK 912 $a996198219803316 996 $aNinth International Software Process Workshop : proceedings, Airlie, Virginia, October 5-7, 1994$92532245 997 $aUNISA LEADER 02509nas 2200457 n 450 001 990008891920403321 005 20240229084617.0 011 $a0003-0147 035 $a000889192 035 $aFED01000889192 035 $a(Aleph)000889192FED01 035 $a000889192 091 $2CNR$aP 00000737 100 $a20090724a18679999km-y0itaa50------ba 101 0 $aeng 110 $aauu-------- 200 1 $aAmerican naturalist 207 1$a1867- 210 $aLancaster$cEssex Institute 452 0$12001$a<>American naturalist 530 0 $aAmerican naturalist 675 $a502 676 $a574/.05 676 $a570 712 02$aAmerican Society of Naturalists 801 0$aIT$bACNP$c20090723 859 4 $uhttp://acnp.cib.unibo.it/cgi-ser/start/it/cnr/dc-p1.tcl?catno=353&person=false&language=ITALIANO&libr=&libr_th=unina1$zBiblioteche che possiedono il periodico 901 $aSE 912 $a990008891920403321 958 $aBiblioteca Centralizzata. Facoltà di Agraria dell'Università Federico II di Napoli$b1971-1974;1977-1984;1986-2006;$c1984;$d105(1971)-108(1974); 111(1977)-124(1984); 127(1986)-168(2006);$ePer.Ingl. 102$fFAGBC 958 $aBiblioteca. Dipartimento delle Scienze Biologiche. Sez. di Biologia Evolutiva e Comparata dell'Università Federico II$b1973-1995;$c1975;$epozzo librario$fDBEC 958 $aBiblioteca. Dipartimento Scienze Biologiche. Sezione di Genetica Biologia Generale e Molecolare. Università degli Studi Federico II$b1956-1967;$fDGBM 959 $aFAGBC 959 $aDBEC 959 $aDGBM 996 $aAmerican naturalist$9239716 997 $aUNINA AP1 8 $6866-01$aNA087 Biblioteca Centralizzata. Facoltà di Agraria dell'Università Federico II di Napoli$bPer.Ingl. 102$ev. Università, 100 Palazzo Reale, 80055 Portici (NA)$m081-2539322$m081-7760229$nit AP1 8 $6866-02$aNA134 Biblioteca. Dipartimento delle Scienze Biologiche. Sez. di Biologia Evolutiva e Comparata dell'Università Federico II$bpozzo librario$ev. Paladino 39, 80134 Napoli (NA)$m(081) 2535032$m(081) 2535032$nit AP1 8 $6866-03$aNA186 Biblioteca. Dipartimento Scienze Biologiche. Sezione di Genetica Biologia Generale e Molecolare. Università degli Studi Federico II$ev. Mezzocannone,8, Napoli (NA)$m(081) 2534610$m(081) 2535032$nit AP2 40$aacnp.cib.unibo.it$nACNP Italian Union Catalogue of Serials$uhttp://acnp.cib.unibo.it/cgi-ser/start/it/cnr/df-p.tcl?catno=353&language=ITALIANO&libr=&person=&B=1&libr_th=unina&proposto=NO